Geology and coal resources of the Starkville-Weston area, Las Animas County, Colorado / (Record no. 29239)
[ view plain ]
| 000 -LEADER | |
|---|---|
| fixed length control field | 01105cam a22003131a 4500 |
| 001 - CONTROL NUMBER | |
| control field | gs 58000151 |
| 003 - CONTROL NUMBER IDENTIFIER | |
| control field | DLC |
| 005 - DATE AND TIME OF LATEST TRANSACTION | |
| control field | 20260227111406.0 |
| 008 - FIXED-LENGTH DATA ELEMENTS--GENERAL INFORMATION | |
| fixed length control field | 790720s1957 dcuab b f001 0 eng |
| 010 ## - LIBRARY OF CONGRESS CONTROL NUMBER | |
| LC control number | gs 58000151 |
| 035 ## - SYSTEM CONTROL NUMBER | |
| System control number | (OCoLC)5191542 |
| 040 ## - CATALOGING SOURCE | |
| Original cataloging agency | DLC |
| Transcribing agency | NFredU |
| Modifying agency | DNAL |
| -- | DLC |
| 043 ## - GEOGRAPHIC AREA CODE | |
| Geographic area code | n-us-co |
| 050 00 - LIBRARY OF CONGRESS CALL NUMBER | |
| Classification number | QE75 |
| Item number | .B9 no. 1051 |
| 051 ## - LIBRARY OF CONGRESS COPY, ISSUE, OFFPRINT STATEMENT | |
| Classification number | QE92.L3 |
| Item number | W6 |
| 070 0# - NATIONAL AGRICULTURAL LIBRARY CALL NUMBER | |
| Classification number | 407 |
| Item number | G29B no.1051 |
| 100 1# - MAIN ENTRY--PERSONAL NAME | |
| Personal name | Wood, Gordon H. |
| Fuller form of name | (Gordon Harry), |
| Dates associated with a name | 1919- |
| 245 10 - TITLE STATEMENT | |
| Title | Geology and coal resources of the Starkville-Weston area, Las Animas County, Colorado / |
| Statement of responsibility, etc. | Gordon H. Wood, Jr., Ross B. Johnson, and George H. Dixon. |
| 260 ## - PUBLICATION, DISTRIBUTION, ETC. | |
| Place of publication, distribution, etc. | Washington, [D.C.] : |
| Name of publisher, distributor, etc. | U.S. G.P.O., |
| Date of publication, distribution, etc. | 1957. |
| 300 ## - PHYSICAL DESCRIPTION | |
| Extent | v, 68 p. : |
| Other physical details | ill., maps (some col.) ; |
| Dimensions | 24 cm. |
| 440 #0 - SERIES STATEMENT/ADDED ENTRY--TITLE | |
| Title | Geological Survey bulletin ; |
| Volume/sequential designation | 1051 |
| 500 ## - GENERAL NOTE | |
| General note | Ten folded leaves in pocket. |
| 500 ## - GENERAL NOTE | |
| General note | Bibliography: p. 64-66. |
| 500 ## - GENERAL NOTE | |
| General note | Includes index. |
| 650 #0 - SUBJECT ADDED ENTRY--TOPICAL TERM | |
| Topical term or geographic name entry element | Geology |
| Geographic subdivision | Colorado |
| -- | Las Animas County. |
| 650 #0 - SUBJECT ADDED ENTRY--TOPICAL TERM | |
| Topical term or geographic name entry element | Coal |
| Geographic subdivision | Colorado |
| -- | Las Animas County. |
| 700 1# - ADDED ENTRY--PERSONAL NAME | |
| Personal name | Johnson, Ross B., |
| Dates associated with a name | 1919- |
| 700 1# - ADDED ENTRY--PERSONAL NAME | |
| Personal name | Dixon, G. H. |
| Fuller form of name | (George Harvey), |
| Dates associated with a name | 1925- |
No items available.